Catálogo

Vista normal Vista MARC

Entrada Personal Name

Número de registros utilizados en: 1

001 - CONTROL NUMBER

  • control field: 16442

003 - CONTROL NUMBER IDENTIFIER

  • control field: DLC

005 - DATE AND TIME OF LATEST TRANSACTION

  • control field: 20241112113553.0

008 - FIXED-LENGTH DATA ELEMENTS

  • fixed length control field: 800320n| acannaabn |a aaa

010 ## - LIBRARY OF CONGRESS CONTROL NUMBER

  • LC control number: n 80008801

035 ## - SYSTEM CONTROL NUMBER

  • System control number: (OCoLC)oca00391356

040 ## - CATALOGING SOURCE

  • Original cataloging agency: DLC
  • Language of cataloging: spa
  • Transcribing agency: Mx-PuUPA
  • Modifying agency: DLC
  • Modifying agency: OCoLC
  • Modifying agency: Mx-PuUPA
  • Description conventions: rda

100 1# - HEADING--PERSONAL NAME

  • Personal name: López y Rivas, Gilberto,

374 ## - OCCUPATION

  • Occupation: Autor

375 ## - GENDER

  • Gender: hombre

377 ## - ASSOCIATED LANGUAGE

  • Language code: spa

400 1# - SEE FROM TRACING--PERSONAL NAME

  • Personal name: Rivas, Gilberto López y

670 ## - SOURCE DATA FOUND

  • Source citation: His The Chicanos, 1973.

670 ## - SOURCE DATA FOUND

  • Source citation: His Nación y pueblos indios en el neoliberalismo, 1995:
  • Information found: t.p. (Gilberto López y Rivas) flap (b. 1943; investigador de la Dirección de Etnología y Antropología Social del Instituto Nacional de Antropología e Historia; lists writings and career as professor)